Úspešné pátranie ; Úvahy tkáča kobercov ; Život a šťastie velikána prijateľných rozmerov

Bibliographic Details
Main Author: Gogár, Vladimír Rastislav, 1964- (Author)
Format: Article
Language:Slovak
Subjects:

MARC

LEADER 00000nab a2200000 a 4500
001 vtls000693869
003 SK-MaSNL
005 20260302180444.0
008 140617c xo 0 slo
015 |a SNBRB1999/05-14031 
035 |a CLN000046036 
040 |a SNKBUCL  |b slo  |c SNKBUCL  |e AACR2 
041 0 |a slo 
044 |a xo  |c SK 
080 |a 885.4-3  |2 1997 
100 1 |a Gogár, Vladimír Rastislav,  |d 1964-  |4 aut  |9 193185 
245 1 0 |a Úspešné pátranie ; Úvahy tkáča kobercov ; Život a šťastie velikána prijateľných rozmerov  |c Vladimír Rastislav Gogár 
650 0 7 |a spoločenské poviedky, slovenské  |2 snkbucl  |9 28976 
655 7 |a články z novín a časopisov  |2 snkbucl  |9 267496 
773 0 |t Tvorba T  |g Roč. 9 (18), č. 1 (1999), s. 25-28 
850 |a Slovenská národná knižnica v Martine 
852 |a SNK  |b KIS3GCP 
958 |a LX 
958 |a SK 
992 |a RBX 
999 |c 1410621  |d 1412551